| 000 | 00559cam a22002171 4500 | ||
|---|---|---|---|
| 001 | ne 68001556 | ||
| 003 | DLC | ||
| 005 | 20260227111841.0 | ||
| 008 | 890331q xx 000 0 ara | ||
| 010 | _ane 68001556 | ||
| 035 | _a(OCoLC)23499497 | ||
| 040 |
_aDLC _cMiU _dDLC |
||
| 042 | _apremarc | ||
| 050 | 0 | 0 |
_aPJ6670 _b.A9 |
| 100 | 1 | _aAtihe, Rachid. | |
| 245 | 1 | 3 | _aal-Dalīl ilā murādif al-ʻāmmī wa-al-dakhīl. |
| 260 | _c.1898 | ||
| 300 |
_a364 p. _c21 cm. |
||
| 500 | _aRomanized. | ||
| 650 | 0 |
_aArabic language _xForeign words and phrases. |
|
| 999 |
_c50327 _d50327 |
||